Faculty of Law Library — Cairo University

Official Online Catalog

The handbook of international humanitarian law / (Record no. 59912)

MARC details
000 -LEADER
fixed length control field 02167cam a2200373 i 4500
003 - CONTROL NUMBER IDENTIFIER
control field EG-GICUC
005 - DATE AND TIME OF LATEST TRANSACTION
control field 20260128104503.0
008 - FIXED-LENGTH DATA ELEMENTS--GENERAL INFORMATION
fixed length control field 071024s2008 enka frb 001 0 eng d
020 ## - INTERNATIONAL STANDARD BOOK NUMBER
International Standard Book Number 9780199232505
Qualifying information alk. paper
040 ## - CATALOGING SOURCE
Original cataloging agency DLC
Transcribing agency DLC
Modifying agency DLC
-- EG-GICUC
Language of cataloging eng
Description conventions rda
050 00 - LIBRARY OF CONGRESS CALL NUMBER
Classification number KZ6471
Item number .H36 2008
082 00 - DEWEY DECIMAL CLASSIFICATION NUMBER
Classification number 341.48
Edition number 21
092 04 - LOCALLY ASSIGNED DEWEY CALL NUMBER (OCLC)
Edition number 21
099 ## - LOCAL FREE-TEXT CALL NUMBER (OCLC)
Classification number Law 11 2008
245 04 - TITLE STATEMENT
Title The handbook of international humanitarian law /
Statement of responsibility, etc. edited by Dieter Fleck, in collaboration with Michael Bothe ... [et al.].
250 ## - EDITION STATEMENT
Edition statement 2nd edition.
264 ## - PRODUCTION, PUBLICATION, DISTRIBUTION, MANUFACTURE, AND COPYRIGHT NOTICE
Place of production, publication, distribution, manufacture Oxford ;
-- New York :
Name of producer, publisher, distributor, manufacturer Oxford University Press,
Date of production, publication, distribution, manufacture, or copyright notice 2008.
300 ## - PHYSICAL DESCRIPTION
Extent xxxix, 770 pages :
Other physical details illustration ;
Dimensions 24 cm.
336 ## - CONTENT TYPE
Content type term text
Source rdacontent
337 ## - MEDIA TYPE
Media type term Computer
Source rdamedia
338 ## - CARRIER TYPE
Carrier type term Online Resource
Source rdacarrier
500 ## - GENERAL NOTE
General note Rev. ed. of: Handbook of humanitarian law in armed conflicts. 1999.
504 ## - BIBLIOGRAPHY, ETC. NOTE
Bibliography, etc. note Includes bibliographical references (p. 725-758) and index.
505 0# - FORMATTED CONTENTS NOTE
Formatted contents note Historical development and legal basis / Christopher Greenwood -- Scope of application of humanitarian law / Christopher Greenwood -- Combatants and non-combatants / Knut Ipsen -- Methods and means of combat / Stefan Oeter -- Protection of the civilian population / Hans-Peter Gasser -- Protection of the wounded, sick, and shipwrecked / Jann K. Kleffner -- Protection of prisoners of war / Horst Fischer -- Religious personnel / Nilendra Kumar -- Protection of cultural property / Roger O'Keefe -- The law of armed conflict at sea / Wolff Heintschel von Heinegg -- The law of neutrality / Michael Bothe -- The law of non-international armed conflicts / Dieter Fleck -- International peace operations / Ben F. Klappe -- Enforcement of international humanitarian law / Rudiger Wolfrum and Dieter Fleck.
650 #0 - SUBJECT ADDED ENTRY--TOPICAL TERM
Topical term or geographic name entry element Humanitarian law.
650 #0 - SUBJECT ADDED ENTRY--TOPICAL TERM
Topical term or geographic name entry element War (International law)
700 1# - ADDED ENTRY--PERSONAL NAME
Personal name Fleck, Dieter.
700 1# - ADDED ENTRY--PERSONAL NAME
Personal name Bothe, Michael.
730 02 - ADDED ENTRY--UNIFORM TITLE
Uniform title Handbook of humanitarian law in armed conflicts.
856 41 - ELECTRONIC LOCATION AND ACCESS
Uniform Resource Identifier <a href="https://fll.law.cu.edu.eg/fulltext/bks/ENGB11-00102.pdf">https://fll.law.cu.edu.eg/fulltext/bks/ENGB11-00102.pdf</a>
856 41 - ELECTRONIC LOCATION AND ACCESS
Materials specified Table of contents only
Uniform Resource Identifier <a href="http://www.loc.gov/catdir/toc/ecip083/2007043887.html">http://www.loc.gov/catdir/toc/ecip083/2007043887.html</a>
905 ## - Cataloger and Reviser Names
Cataloger Name: Hend El khosy
942 ## - ADDED ENTRY ELEMENTS (KOHA)
Source of classification or shelving scheme Dewey Decimal Classification
Koha item type Books
Edition 21
Suppress in OPAC No
Holdings
Withdrawn status Lost status Source of classification or shelving scheme Damaged status Not for loan Collection Home library Current library Date acquired Total checkouts Full call number Barcode Date last seen Copy number Price effective from Koha item type Public note
    Dewey Decimal Classification     القانون الدولي العام جــــامعة القــاهرة مكتبة كلية الحقوق - فـرع الشيخ زايد 28.01.2026   Law2 11 341.48 HA 2 ed - 2008 1100102 C1 ENGB11-00102 28.01.2026 1 28.01.2026 Books 1755

© All rights reserved — Faculty of Law, Cairo University